000 00486nam a2200205Ia 4500
003 GCL
008 140319s9999 xx 000 0 eng d
040 _aGCL /
_cGCL
082 0 4 _a615.1094
_bT D
100 1 _aTURNER, PAUL
245 1 0 _aDRUGS HANDBOOK 1994-95 /
_cTURNER, PAUL
700 1 _aVOLANS, GLYN
700 1 _aWISEMAN
260 _a[S.N] :
_bMACMILIAN ،
_c1995
300 _a188 P
650 0 4 _aDRUGS
650 0 4 _aGREAT BRITAIN
650 0 4 _aLISTS
942 _2ddc
_cBK
999 _c10477
_d10477